Szczegóły MARC21

Dictionnaire de l'environnement avec index anglais-français /

005 -DATA I CZAS OSTATNIEJ MODYFIKACJI [,]
    • @
    • pole kontrolne
    • 20070315155141.9
020 -Międzynarod. znormalizowany nr książki - ISBN [ , ]
    • a
    • Numer ISBN
    • 2853192431 Find
040 -Instytucja sporządzająca opis [ , ]
    • a
    • Instytucja, która sporządziła opis (NP)
    • SZCZ U
    • c
    • Instytucja, która sporządziła rekord (NP)
    • SZCZ U
942 -Rodzaj dokumentu [ , ]
    • c
    • Rodzaj dokumentu
    • Książka
245 -Strefa tytułu i oznaczenia odpowiedzialności [0, ]
    • a
    • Tytuł
    • Dictionnaire de l'environnement avec index anglais-français / Find
    • c
    • Pozostałe elementy strefy tytułu i oznaczenia odpowiedzialności (NP)
    • [conseil, présid. M.Jean A.Ternisien].
250 -Strefa wydania [ , ]
    • a
    • Oznaczenie wydania (NP)
    • 3 éd.
260 -Strefa adresu wydawniczego [ , ]
    • a
    • Miejsce wydania (P)
    • Paris :
    • b
    • Nazwa wydawcy (P)
    • Conseil Intern.de la Langue Franç.,
    • c
    • Data wydania (P)
    • cop.1992.
300 -Strefa opisu fizycznego [ , ]
    • a
    • Określenie formy książki i/lub objętość (NP)
    • 351 s. :
    • c
    • Format (NP)
    • 25 cm.
500 -Uwaga ogólna [ , ]
    • a
    • Uwaga ogólna (NP)
    • Ind
080 -Uniwersalna Klasyfikacja Dziesiętna [ , ]
    • a
    • Symbol klasyfikacji
    • 504(03)=40=20
980 -Symbol UKD [ , ]
    • a
    • UKD
    • 504(03)=40=20
700 -Hasło dodatkowe - nazwa osobowa [ , ]
    • a
    • Nazwa osobowa (NP)
    • Ternisien M.Jean A. Find
    • d
    • Daty biograficzne (NP)
    • red.
920 -ISBN [ , ]
    • a
    • ISBN
    • 2-85319-243-1 Find
Sygnatura Lokalizacja Data inwentaryzacji Status udost. Numer inwentarzowy
FR. Słow. naukowo-techniczne 10BM1994-12-011A.3737